<?xml version="1.0" encoding="UTF-8"?>
<record
    xmlns:xsi="http://www.w3.org/2001/XMLSchema-instance"
    xsi:schemaLocation="http://www.loc.gov/MARC21/slim http://www.loc.gov/standards/marcxml/schema/MARC21slim.xsd"
    xmlns="http://www.loc.gov/MARC21/slim">

  <leader>00710nam a2200229 a 4500</leader>
  <controlfield tag="001">000002653</controlfield>
  <controlfield tag="005">20200120221808.0</controlfield>
  <controlfield tag="008">990225s1995    esp0   gr0    0     000 d</controlfield>
  <datafield tag="020" ind1=" " ind2=" ">
    <subfield code="a">84-206-1845-4</subfield>
  </datafield>
  <datafield tag="090" ind1=" " ind2=" ">
    <subfield code="a">AT</subfield>
    <subfield code="b">VEGp</subfield>
  </datafield>
  <datafield tag="100" ind1="0" ind2=" ">
    <subfield code="a">Vega y Carpio, Felix Lope de</subfield>
  </datafield>
  <datafield tag="245" ind1="1" ind2="0">
    <subfield code="a">Perib&#xE1;&#xF1;ez y Fuente ovejuna /</subfield>
    <subfield code="c">Lope de Vega.</subfield>
  </datafield>
  <datafield tag="260" ind1=" " ind2=" ">
    <subfield code="a">Madrid :</subfield>
    <subfield code="b">Alianza,</subfield>
    <subfield code="c">1995.</subfield>
  </datafield>
  <datafield tag="300" ind1=" " ind2=" ">
    <subfield code="a">339 p.</subfield>
  </datafield>
  <datafield tag="490" ind1=" " ind2="3">
    <subfield code="a">El libro de bolsillo, No.845</subfield>
  </datafield>
  <datafield tag="500" ind1=" " ind2=" ">
    <subfield code="a">Edici&#xF3;n a cargo de Alberto Bleeva</subfield>
  </datafield>
  <datafield tag="500" ind1=" " ind2=" ">
    <subfield code="a">Ej.1 de Mosquera donado por la Biblioteca Nacional - PNLB 2012.</subfield>
  </datafield>
  <datafield tag="501" ind1=" " ind2=" ">
    <subfield code="a">Fuente ovejuna</subfield>
  </datafield>
  <datafield tag="650" ind1="1" ind2="4">
    <subfield code="a">TEATRO COMICO ESPA&#xD1;OL</subfield>
  </datafield>
  <datafield tag="650" ind1="1" ind2="4">
    <subfield code="a">LITERATURA ESPA&#xD1;OLA - 1500 - 1700</subfield>
  </datafield>
  <datafield tag="740" ind1="0" ind2=" ">
    <subfield code="a">Fuente ovejuna</subfield>
  </datafield>
  <datafield tag="999" ind1=" " ind2=" ">
    <subfield code="c">288</subfield>
    <subfield code="d">288</subfield>
  </datafield>
  <datafield tag="952" ind1=" " ind2=" ">
    <subfield code="0">0</subfield>
    <subfield code="1">0</subfield>
    <subfield code="2">ddc</subfield>
    <subfield code="4">0</subfield>
    <subfield code="7">0</subfield>
    <subfield code="8">LA</subfield>
    <subfield code="a">BPMOS</subfield>
    <subfield code="b">BPMOS</subfield>
    <subfield code="d">2020-01-20</subfield>
    <subfield code="i">100333</subfield>
    <subfield code="l">1</subfield>
    <subfield code="o">AT VEGp</subfield>
    <subfield code="p">MOS001225</subfield>
    <subfield code="r">2024-06-24</subfield>
    <subfield code="s">2024-06-06</subfield>
    <subfield code="t">ej.1</subfield>
    <subfield code="w">2020-01-20</subfield>
    <subfield code="y">BKLIT</subfield>
    <subfield code="z">Quince d&#xED;as</subfield>
  </datafield>
</record>
